[Event "Mecklenburg VP LL2 Ost 1415"]
[Site "Mecklenburg VP"]
[Date "2015.03.15"]
[Round "7.4"]
[White "Zimmermann, Bernd"]
[Black "Buenz, Heinrich"]
[Result "1/2-1/2"]
[WhiteElo "1637"]
[BlackElo "1609"]
[PlyCount "110"]
[EventDate "2014.09.21"]
[EventType "team-tourn"]
[EventRounds "9"]
[EventCountry "GER"]
[SourceTitle "EXT 2022"]
[Source "ChessBase"]
[SourceDate "2021.10.06"]
[SourceVersion "1"]
[SourceVersionDate "2021.10.06"]
[SourceQuality "1"]
[WhiteTeam "Greifswald II"]
[BlackTeam "Neubrandenburg SG Eintracht III"]
[WhiteTeamCountry "GER"]
[BlackTeamCountry "GER"]

1. e4 e5 2. Nf3 Nc6 3. Bb5 d6 4. c3 Bd7 5. 0-0 Nf6 6. Re1 Be7 7. d4 exd4 8. cxd4 0-0 9. Nc3 Bg4 10. Be2 h6 11. h3 Bh5 12. Bf4 Re8 13. Rc1 Bg6 14. Bd3 Nb4 15. Bb1 Nh5 16. Bh2 Bg5 17. Nxg5 Qxg5 18. a3 Na6 19. b4 Rad8 20. b5 Nb8 21. Nd5 c6 22. f4 Qh4 23. f5 Bxf5 24. Nc7 Re7 25. exf5 Rxc7 26. bxc6 Rxc6 27. Rxc6 Nxc6 28. Re4 Qg5 29. h4 Qf6 30. Qxh5 Nxd4 31. Qd1 Nxf5 32. Qe1 g6 33. Re8+ Rxe8 34. Qxe8+ Kg7 35. Bxf5 gxf5 36. Qe3 Qxh4 37. Bxd6 a6 38. Qc3+ Kg6 39. Bf8 Kh5 40. Qf3+ Kg5 41. Qe3+ Kg6 42. Qc3 f6 43. Qe3 Qg5 44. Qe8+ Kh7 45. Qf7+ Kh8 46. Bd6 Qg7 47. Qe8+ Kh7 48. Bf8 Qg6 49. Qe7+ Kh8 50. Qd8 Kh7 51. Bb4 Qg7 52. Qe7 Kg6 53. Qe3 Kh5 54. Qf3+ Kg6 55. Qf4 Kh7 1/2-1/2

[Event "Remote S7E Starter-48 email"]
[Site "Remote email"]
[Date "2013.09.30"]
[Round "?"]
[White "Bartels, Klaus"]
[Black "Zimmermann, Bernd"]
[Result "1-0"]
[WhiteElo "2119"]
[BlackElo "2095"]
[PlyCount "53"]
[EventDate "2013.??.??"]
[EventType "tourn (corr)"]
[EventRounds "6"]
[EventCountry "GER"]
[SourceTitle "Corr 2015"]
[Source "ChessBase"]
[SourceDate "2015.07.17"]
[SourceVersion "1"]
[SourceVersionDate "2015.07.17"]
[SourceQuality "1"]

1. d4 Nf6 2. c4 g6 3. Nc3 Bg7 4. e4 d6 5. Nf3 0-0 6. Be2 Nbd7 7. 0-0 c5 8. d5 b6 9. h3 Bb7 10. Bf4 Re8 11. Be3 e6 12. Bd3 a6 13. Qb3 Qc7 14. Rfe1 Rac8 15. Bc2 exd5 16. exd5 b5 17. cxb5 a5 18. Rad1 Nb6 19. a4 Nfxd5 20. Nxd5 Nxd5 21. Bd2 Nb4 22. Bxb4 axb4 23. Rxe8+ Rxe8 24. Re1 Rxe1+ 25. Nxe1 Bc8 26. Be4 Be6 27. Bd5 1-0

[Event "Remote S7E Starter-48 email"]
[Site "Remote email"]
[Date "2013.09.30"]
[Round "?"]
[White "Biskopp, Wolf Ulrich"]
[Black "Zimmermann, Bernd"]
[Result "1-0"]
[WhiteElo "2309"]
[BlackElo "2095"]
[PlyCount "27"]
[EventDate "2013.??.??"]
[EventType "tourn (corr)"]
[EventRounds "6"]
[EventCountry "GER"]
[SourceTitle "Corr 2015"]
[Source "ChessBase"]
[SourceDate "2015.07.17"]
[SourceVersion "1"]
[SourceVersionDate "2015.07.17"]
[SourceQuality "1"]

1. d4 d5 2. c4 e6 3. Nc3 Nf6 4. Nf3 Bb4 5. Bg5 Be7 6. e3 0-0 7. Rc1 h6 8. Bh4 a6 9. a3 Nbd7 10. cxd5 exd5 11. Bd3 c6 12. Qc2 Re8 13. 0-0 Nf8 14. Rfe1 1-0

[Event "Remote S7E Starter-48 email"]
[Site "Remote email"]
[Date "2013.09.30"]
[Round "?"]
[White "Zimmermann, Bernd"]
[Black "Gottwald, Bernhard"]
[Result "1-0"]
[WhiteElo "2168"]
[BlackElo "1870"]
[PlyCount "51"]
[EventDate "2013.??.??"]
[EventType "tourn (corr)"]
[EventRounds "6"]
[EventCountry "GER"]
[SourceTitle "Corr 2015"]
[Source "ChessBase"]
[SourceDate "2015.07.17"]
[SourceVersion "1"]
[SourceVersionDate "2015.07.17"]
[SourceQuality "1"]

1. e4 e6 2. d4 d5 3. Nc3 dxe4 4. Nxe4 Nd7 5. Nf3 Ngf6 6. Bg5 Be7 7. Nxf6+ Bxf6 8. Bxf6 Nxf6 9. Be2 0-0 10. 0-0 b6 11. c4 Bb7 12. Rc1 c5 13. dxc5 bxc5 14. Qxd8 Rfxd8 15. Rfd1 h6 16. Ne5 Rab8 17. f3 Kf8 18. Rc3 Rxd1+ 19. Bxd1 Rd8 20. Ba4 Rd2 21. Rb3 Ba6 22. Rb8+ Ke7 23. Nc6+ Kd6 24. Rd8+ Nd7 25. Nb8 Ke5 26. Nxa6 1-0

[Event "Remote S7E Starter-48 email"]
[Site "Remote email"]
[Date "2013.09.30"]
[Round "?"]
[White "Zimmermann, Bernd"]
[Black "Kahl, Karl Heinz"]
[Result "1/2-1/2"]
[WhiteElo "2095"]
[BlackElo "2129"]
[PlyCount "51"]
[EventDate "2013.??.??"]
[EventType "tourn (corr)"]
[EventRounds "6"]
[EventCountry "GER"]
[SourceTitle "Corr 2015"]
[Source "ChessBase"]
[SourceDate "2015.07.17"]
[SourceVersion "1"]
[SourceVersionDate "2015.07.17"]
[SourceQuality "1"]

1. e4 c5 2. Nf3 Nc6 3. d4 cxd4 4. Nxd4 Nf6 5. f3 e5 6. Nb3 d5 7. exd5 Nxd5 8. c4 Bb4+ 9. Ke2 Nb6 10. Qxd8+ Nxd8 11. Bd2 Be7 12. c5 Na4 13. Nc3 Nxc5 14. Nd5 Nde6 15. Nxe7 Nxb3 16. axb3 Kxe7 17. Kf2 Nd4 18. Bb4+ Kf6 19. f4 Rd8 20. fxe5+ Kg6 21. Bd6 Nxb3 22. Ra4 h5 23. Be2 Be6 24. Rd1 Kh6 25. Bf3 Rd7 26. Rh4 1/2-1/2

[Event "Remote Federal-ch email"]
[Site "Remote email"]
[Date "2013.09.11"]
[Round "?"]
[White "Elschner, Gerald"]
[Black "Zimmermann, Bernd"]
[Result "1/2-1/2"]
[WhiteElo "2215"]
[BlackElo "2095"]
[PlyCount "70"]
[EventDate "2013.??.??"]
[EventType "swiss (corr)"]
[EventRounds "12"]
[EventCountry "GER"]
[SourceTitle "Corr 2015"]
[Source "ChessBase"]
[SourceDate "2015.07.17"]
[SourceVersion "1"]
[SourceVersionDate "2015.07.17"]
[SourceQuality "1"]

1. e4 e5 2. Nf3 Nc6 3. Bc4 Bc5 4. c3 Nf6 5. d4 exd4 6. e5 d5 7. Bb5 Ne4 8. cxd4 Bb6 9. 0-0 0-0 10. Nc3 Bg4 11. Bxc6 bxc6 12. Re1 Bxf3 13. Qxf3 f6 14. e6 f5 15. Ne2 Qd6 16. Bf4 Qxe6 17. Be5 Qf7 18. a4 a5 19. Nf4 g5 20. Nd3 Nd2 21. Qe3 Nc4 22. Qxg5+ Qg6 23. Qf4 Qg4 24. Qh6 Qg6 25. Qc1 f4 26. Nxf4 Qf5 27. g3 Rae8 28. Qc3 Bc5 29. dxc5 Nxe5 30. Kh1 Ng6 31. Nxg6 hxg6 32. f4 Re4 33. Qxa5 d4 34. Qd2 d3 35. Rxe4 Qxe4+ 1/2-1/2

[Event "Remote Federal-ch email"]
[Site "Remote email"]
[Date "2013.09.11"]
[Round "?"]
[White "Zimmermann, Bernd"]
[Black "Teske, Heike"]
[Result "0-1"]
[WhiteElo "2095"]
[BlackElo "2151"]
[PlyCount "56"]
[EventDate "2013.??.??"]
[EventType "swiss (corr)"]
[EventRounds "12"]
[EventCountry "GER"]
[SourceTitle "Corr 2015"]
[Source "ChessBase"]
[SourceDate "2015.07.17"]
[SourceVersion "1"]
[SourceVersionDate "2015.07.17"]
[SourceQuality "1"]

1. e4 e5 2. Nf3 Nc6 3. Bb5 Nf6 4. 0-0 Nxe4 5. d4 exd4 6. Re1 f5 7. Nxd4 Nxd4 8. Qxd4 c6 9. f3 cxb5 10. fxe4 Qb6 11. exf5+ Kf7 12. Qxb6 axb6 13. Nc3 d5 14. Nxd5 Bxf5 15. Rf1 Kg6 16. Nf4+ Kh6 17. Nd3+ Kg6 18. Ne5+ Kf6 19. g4 Bc5+ 20. Kg2 Kxe5 21. Rxf5+ Ke6 22. Bd2 Rhf8 23. Re1+ Kd6 24. a3 Rxf5 25. gxf5 Bd4 26. Bf4+ Kd5 27. c3 Bc5 28. Kf3 Kc4 0-1

[Event "Remote S7E Pioneer-57 email"]
[Site "Remote email"]
[Date "2013.09.09"]
[Round "?"]
[White "Spieler, Freakie"]
[Black "Zimmermann, Bernd"]
[Result "1-0"]
[WhiteElo "2217"]
[BlackElo "2095"]
[PlyCount "75"]
[EventDate "2013.??.??"]
[EventType "tourn (corr)"]
[EventRounds "6"]
[EventCountry "GER"]
[SourceTitle "Corr 2015"]
[Source "ChessBase"]
[SourceDate "2015.07.17"]
[SourceVersion "1"]
[SourceVersionDate "2015.07.17"]
[SourceQuality "1"]

1. d4 d5 2. c4 Nf6 3. Nc3 e6 4. Nf3 c6 5. e3 Be7 6. Be2 Nbd7 7. 0-0 0-0 8. Qc2 Qc7 9. Bd2 b6 10. cxd5 cxd5 11. Rfc1 Bb7 12. Nxd5 Qd8 13. Nxe7+ Qxe7 14. Qa4 Rfb8 15. Bb4 Qd8 16. Bd6 Rc8 17. Rxc8 Qxc8 18. Nd2 a6 19. Bd3 b5 20. Qa3 Qc6 21. f3 Qb6 22. Rc1 e5 23. Nb3 e4 24. fxe4 Bxe4 25. Be2 Re8 26. Nd2 Bd5 27. Rc7 Bxa2 28. Bf3 Bd5 29. Bxd5 Nxd5 30. Rxd7 Qc6 31. e4 Qxd7 32. exd5 Re2 33. Qxa6 h6 34. Nf3 Qf5 35. h3 Rxb2 36. Qa8+ Kh7 37. Qa3 Qc2 38. Ne1 1-0

[Event "Remote Jubilee Jadoube-B email"]
[Site "Remote email"]
[Date "2013.07.09"]
[Round "?"]
[White "Nackas, Hans Juergen"]
[Black "Zimmermann, Bernd"]
[Result "0-1"]
[WhiteElo "2060"]
[BlackElo "2168"]
[PlyCount "122"]
[EventDate "2013.??.??"]
[EventType "tourn (corr)"]
[EventRounds "8"]
[EventCountry "GER"]
[SourceTitle "Corr 2015"]
[Source "ChessBase"]
[SourceDate "2015.07.17"]
[SourceVersion "1"]
[SourceVersionDate "2015.07.17"]
[SourceQuality "1"]

1. c4 c5 2. Nf3 Nc6 3. Nc3 b6 4. e3 Bb7 5. Be2 Nf6 6. 0-0 g6 7. d4 cxd4 8. exd4 d5 9. Qa4 Bg7 10. Ne5 Rc8 11. cxd5 Nxd5 12. Nxc6 Bxc6 13. Bb5 Qd7 14. Bxc6 Rxc6 15. Nxd5 Qxd5 16. Qxa7 0-0 17. Qxe7 Qxd4 18. Qa3 Re8 19. Rb1 Rce6 20. Qb3 Bf6 21. Bh6 g5 22. Qg3 Qd5 23. Qg4 Be7 24. Rbd1 Qe5 25. Qh3 Qf6 26. Bxg5 Qxg5 27. Qb3 Bc5 28. Rd5 Qf6 29. Qc4 Re2 30. b4 R8e4 31. Qxe2 Rxe2 32. bxc5 bxc5 33. Rxc5 Rxa2 34. g3 Qf3 35. Rc8+ Kg7 36. Rc4 h5 37. Rf4 Qd5 38. Re1 Rb2 39. h3 Kg6 40. Kh2 h4 41. Rg4+ Kf6 42. Rf4+ Kg7 43. Re3 f5 44. Ref3 hxg3+ 45. Kxg3 Qe5 46. Kg2 Rb6 47. Kf1 Rg6 48. Rxf5 Qa1+ 49. Ke2 Qb2+ 50. Ke3 Qc3+ 51. Ke2 Qc4+ 52. Rd3 Re6+ 53. Kd2 Qb4+ 54. Rc3 Rd6+ 55. Kc2 Qa4+ 56. Rb3 Qa2+ 57. Kc3 Qd2+ 58. Kc4 Qd4+ 59. Kb5 Rb6+ 60. Ka5 Rxb3 61. Rg5+ Kf6 0-1

[Event "Remote Jubilee Jadoube-B email"]
[Site "Remote email"]
[Date "2013.07.09"]
[Round "?"]
[White "Zimmermann, Bernd"]
[Black "Langschmidt, Dirk"]
[Result "1-0"]
[WhiteElo "2168"]
[BlackElo "1923"]
[PlyCount "47"]
[EventDate "2013.??.??"]
[EventType "tourn (corr)"]
[EventRounds "8"]
[EventCountry "GER"]
[SourceTitle "Corr 2015"]
[Source "ChessBase"]
[SourceDate "2015.07.17"]
[SourceVersion "1"]
[SourceVersionDate "2015.07.17"]
[SourceQuality "1"]

1. e4 c5 2. Nf3 d6 3. d4 cxd4 4. Nxd4 Nf6 5. f3 Nc6 6. Be3 g6 7. c4 Bg7 8. Nc3 0-0 9. Be2 Nxd4 10. Bxd4 Be6 11. 0-0 b6 12. f4 Qc8 13. b3 Bg4 14. e5 Bxe2 15. Qxe2 dxe5 16. fxe5 Ne8 17. Nd5 Qb7 18. Qe4 Rb8 19. Qh4 e6 20. Nf6+ Bxf6 21. exf6 h5 22. Rae1 Rd8 23. Re5 Qd7 24. Rf4 1-0

[Event "Remote Jubilee Jadoube-A email"]
[Site "Remote email"]
[Date "2013.01.01"]
[Round "1"]
[White "Gottwald, Bernhard"]
[Black "Zimmermann, Bernd"]
[Result "0-1"]
[WhiteElo "1803"]
[BlackElo "2094"]
[PlyCount "84"]
[EventDate "2013.??.??"]
[EventType "tourn (corr)"]
[EventRounds "9"]
[EventCountry "GER"]
[SourceTitle "Corr 2015"]
[Source "ChessBase"]
[SourceDate "2015.07.17"]
[SourceVersion "1"]
[SourceVersionDate "2015.07.17"]
[SourceQuality "1"]

1. d4 d5 2. c4 e6 3. Nc3 Nf6 4. Bg5 Be7 5. Nf3 c6 6. e3 Nbd7 7. Rc1 h6 8. Bf4 0-0 9. Bd3 dxc4 10. Bxc4 Nb6 11. Bb3 Nbd5 12. Bg3 Nxc3 13. bxc3 Ne4 14. Ke2 Ba3 15. Rc2 Qa5 16. Qd3 Qf5 17. Nd2 Nxg3+ 18. hxg3 Qxd3+ 19. Kxd3 b5 20. c4 a5 21. cxb5 cxb5 22. Rc7 Ba6 23. Nb1 Bd6 24. Rc6 Rfd8 25. f4 a4 26. Bc2 b4+ 27. Kd2 Bb7 28. Rb6 Bxg2 29. Rg1 Bd5 30. a3 Rab8 31. Rxb8 Rxb8 32. axb4 Bxb4+ 33. Ke2 a3 34. e4 Bc4+ 35. Ke3 a2 36. Nd2 Rc8 37. Nxc4 Rxc4 38. Bd3 Rc3 39. Ra1 Ra3 40. Ke2 Bc3 41. Rxa2 Rxa2+ 42. Ke3 Be1 0-1

[Event "Remote Jubilee Jadoube-A email"]
[Site "Remote email"]
[Date "2013.01.01"]
[Round "1"]
[White "Langschmidt, Dirk"]
[Black "Zimmermann, Bernd"]
[Result "0-1"]
[WhiteElo "1981"]
[BlackElo "2094"]
[PlyCount "56"]
[EventDate "2013.??.??"]
[EventType "tourn (corr)"]
[EventRounds "9"]
[EventCountry "GER"]
[SourceTitle "Corr 2015"]
[Source "ChessBase"]
[SourceDate "2015.07.17"]
[SourceVersion "1"]
[SourceVersionDate "2015.07.17"]
[SourceQuality "1"]

1. e4 e5 2. d4 exd4 3. Qxd4 Nc6 4. Qe3 d6 5. Bc4 Be6 6. Bxe6 fxe6 7. Nc3 Nf6 8. Bd2 Be7 9. 0-0-0 Qd7 10. Qg3 0-0-0 11. Nf3 e5 12. h3 Rhg8 13. Nh4 Nd4 14. Qd3 d5 15. Kb1 Nxe4 16. Nxe4 Bxh4 17. Nc3 Bxf2 18. Bg5 Rdf8 19. Qxh7 c6 20. Rhf1 Ne6 21. Bc1 Qe8 22. Qd3 e4 23. Qe2 e3 24. Qg4 Rf4 25. Qe2 Rgf8 26. Bxe3 Bxe3 27. Qxe3 Rxf1 28. Qxa7 Nc7 0-1

[Event "BdF 60 jub Worldopen EM18 email"]
[Site "GER email"]
[Date "2008.??.??"]
[Round "?"]
[White "Zimmermann, Bernd"]
[Black "Frericks, Harald"]
[Result "0-1"]
[WhiteElo "2010"]
[BlackElo "2244"]
[PlyCount "68"]
[EventDate "2007.??.??"]
[EventType "tourn (corr)"]
[EventRounds "10"]
[EventCountry "GER"]
[SourceTitle "Corr 2011"]
[Source "ChessBase"]
[SourceDate "2010.08.31"]
[SourceVersion "1"]
[SourceVersionDate "2010.08.31"]
[SourceQuality "1"]

1. e4 e5 2. Nf3 Nc6 3. Bb5 a6 4. Ba4 Nf6 5. 0-0 b5 6. Bb3 Bb7 7. Re1 Bc5 8. c3 d6 9. d4 Bb6 10. Bg5 h6 11. Bh4 Qe7 12. a4 g5 13. Bg3 h5 14. h4 g4 15. Ng5 Nd8 16. axb5 axb5 17. Rxa8 Bxa8 18. Qd3 Nd7 19. d5 0-0 20. Nd2 c6 21. Ba2 Nc5 22. Qe2 f6 23. dxc6+ Kg7 24. b4 fxg5 25. bxc5 Bxc5 26. c7 Qxc7 27. hxg5 Qe7 28. Nb3 Ba7 29. Qxb5 Nf7 30. Re2 Nxg5 31. Qa4 Kg6 32. Nd2 h4 33. Bxh4 Qh7 34. g3 Bxf2+ 0-1

[Event "Stuttgart-chB int"]
[Site "Ditzingen"]
[Date "2006.05.28"]
[Round "7"]
[White "Zimmermann, Bernd"]
[Black "Hamm, Lukas"]
[Result "1/2-1/2"]
[WhiteElo "1639"]
[BlackElo "1389"]
[PlyCount "59"]
[EventDate "2006.05.25"]
[EventType "swiss"]
[EventRounds "7"]
[EventCountry "GER"]
[SourceTitle "EXT 2018"]
[Source "ChessBase"]
[SourceDate "2017.10.13"]
[SourceVersion "1"]
[SourceVersionDate "2017.10.13"]
[SourceQuality "1"]

1. e4 e5 2. Nf3 Nc6 3. Bb5 a6 4. Ba4 Bc5 5. 0-0 Nf6 6. d3 d6 7. h3 0-0 8. c3 b5 9. Bc2 Bb6 10. Re1 Na5 11. Nbd2 c5 12. Nf1 h6 13. Ng3 Re8 14. d4 Nc6 15. d5 Ne7 16. a4 Bd7 17. Be3 Qc7 18. Qd2 Kh7 19. b4 c4 20. a5 Ba7 21. Kf1 Bxe3 22. Qxe3 Qa7 23. Qd2 Ng6 24. Ne2 Kg8 25. g4 Nh7 26. Kg2 f6 27. Nfg1 Nh4+ 28. Kg3 g5 29. f4 Ng6 30. f5 1/2-1/2

[Event "Stuttgart-chB int"]
[Site "Ditzingen"]
[Date "2006.05.25"]
[Round "1"]
[White "Zimmermann, Bernd"]
[Black "Schembera, Marcel"]
[Result "1-0"]
[WhiteElo "1639"]
[BlackElo "1161"]
[PlyCount "79"]
[EventDate "2006.05.25"]
[EventType "swiss"]
[EventRounds "7"]
[EventCountry "GER"]
[SourceTitle "EXT 2018"]
[Source "ChessBase"]
[SourceDate "2017.10.13"]
[SourceVersion "1"]
[SourceVersionDate "2017.10.13"]
[SourceQuality "1"]

1. e4 e5 2. Nf3 Nc6 3. Bb5 d6 4. 0-0 Nf6 5. Re1 Bd7 6. c3 Be7 7. d4 exd4 8. cxd4 a6 9. Ba4 0-0 10. h3 Nb4 11. Bxd7 Qxd7 12. a3 Nc6 13. b4 a5 14. b5 Na7 15. a4 c6 16. bxc6 bxc6 17. Ba3 Rfe8 18. Nbd2 c5 19. e5 dxe5 20. dxc5 Qc7 21. Nxe5 Bxc5 22. Bxc5 Qxc5 23. Ndf3 Rad8 24. Qb3 Nc6 25. Rac1 Qd6 26. Rxc6 Qe7 27. Ng5 Rf8 28. Ngxf7 Rxf7 29. Qxf7+ Qxf7 30. Nxf7 Kxf7 31. Rc5 Ra8 32. Ree5 Nd7 33. Rxa5 Rxa5 34. Rxa5 Nb6 35. Ra7+ Ke8 36. a5 Nc8 37. Rxg7 h6 38. a6 Kd8 39. a7 Nxa7 40. Rxa7 1-0

[Event "Travemuende op 20th"]
[Site "Travemuende"]
[Date "2003.12.30"]
[Round "7"]
[White "Zimmermann, Bernd"]
[Black "Just, Anita"]
[Result "1-0"]
[WhiteElo "1681"]
[BlackElo "1986"]
[PlyCount "47"]
[EventDate "2003.12.??"]
[EventType "swiss"]
[EventRounds "7"]
[EventCountry "GER"]
[SourceTitle "EXT 2006"]
[Source "ChessBase"]
[SourceDate "2005.11.24"]
[SourceVersion "1"]
[SourceVersionDate "2005.11.24"]
[SourceQuality "1"]

1. e4 e6 2. d4 d5 3. Nc3 Bb4 4. e5 c5 5. a3 Bxc3+ 6. bxc3 Ne7 7. Qg4 Qc7 8. Qxg7 Rg8 9. Qxh7 cxd4 10. Ne2 Nbc6 11. f4 Bd7 12. Qd3 dxc3 13. Nxc3 a6 14. Rb1 Rc8 15. Bd2 Nf5 16. g3 d4 17. Ne4 Nxe5 18. fxe5 Qxe5 19. Bf4 Qa5+ 20. Bd2 Qd8 21. Bh3 Bc6 22. 0-0 Ne3 23. Nf6+ Kf8 24. Bb4+ 1-0

[Event "Travemuende op 20th"]
[Site "Travemuende"]
[Date "2003.12.27"]
[Round "2"]
[White "Broemstrup, Bjoern"]
[Black "Zimmermann, Bernd"]
[Result "0-1"]
[WhiteElo "1232"]
[BlackElo "1681"]
[PlyCount "30"]
[EventDate "2003.12.??"]
[EventType "swiss"]
[EventRounds "7"]
[EventCountry "GER"]
[SourceTitle "EXT 2006"]
[Source "ChessBase"]
[SourceDate "2005.11.24"]
[SourceVersion "1"]
[SourceVersionDate "2005.11.24"]
[SourceQuality "1"]

1. e4 e5 2. Nf3 Nc6 3. d4 exd4 4. Nxd4 d6 5. Bb5 Bd7 6. Nc3 Nf6 7. 0-0 Be7 8. Re1 0-0 9. Bxc6 bxc6 10. e5 dxe5 11. Rxe5 Bd6 12. Re1 Ng4 13. Nxc6 Qh4 14. h3 Qxf2+ 15. Kh1 Qg3 0-1